000 00605nam a2200205 i 4500
001 000049221
003 DO-SdBNP
005 20251030102040.0
007 ta
008 190730s1997 dr 000 0 spa d
040 _aDO-SdBNP
_bspa
_cBNPHU
_erda
041 _aspa
082 4 _axxx
_bxxx
_222
100 1 _aCastor, Luesmil,
_eautor
_955279
_4aut.
245 1 4 _aLas relaciones públicas :
_bparadigmas rupturas /
_cLuesmil Castor.
264 _aSanto Domingo, República Dominicana :
_bCodex Editores,
_c1997.
300 _a179 páginas ;
_c22 cm.
590 _aInventariado, 2019/VM
942 _2ddc
_cLBS1
999 _c48709
_d48709